000 01241cad a22002415a 4500
001 L156858
008 120723e20120115xxk f 000 0 eng d
035 _a(Sirsi) u156858
041 0 _aeng
100 1 _aArmitt, John
110 2 _aUnited Kingdom
_bDepartment for Culture, Media and Sport
240 _aSir John Armitt report
245 0 0 _aLondon 2012
_ba global showcase for UK plc
_h[electronic resource]
260 _aLondon
_bDCMS
_c2012
505 2 _aBackground -- Survey and workshop findings -- Ingredients for future success -- Recommendations -- Business questionnaire -- Survey respondents
520 _aEmphasises the need for UK businesses to capitalise on their involvement in constructing the Olympic Park as soon as they can; the next 12 to 18 months represent a crucial window of opportunity particularly in terms of securing work on other major sports events - a fast-growing sector that is creating many new opportunities.
590 _aKA NTK
650 2 4 _aOLYMPIC GAMES 2012
651 4 _aUnited Kingdom
_y
690 _aConstruction management
_96230
856 4 0 _uhttps://www.culture.gov.uk/images/publications/John_Armitt_Report.pdf
_zView the item free of charge at http://www.culture.gov.uk
942 _n0
999 _c114453
_d114453